000 00718nam a22002177a 4500
003 UA-OsUOA
001 73333
007 ta
008 20110221b un ||||| |||| 00| 0 ukr d
100 _aЯмчук П.
090 _a2
_bЯ58
942 _cSA
040 _aUA-OsUOA
_bukr
_cUA-OsUOA
_dUA-OsUOA
245 _aУкраїнська християнська особистість в семіосфері радянського радикального постпросвітництва (Олександр Довженко та Олександр Авдєєнко)
300 _aС.107-113
955 _a0
041 _aukr
080 _a2
773 0 _w73323
650 7 _a2 Релігія. Теологія.
_2UDC
999 _c359621
_d359621